000 00442nam a2200181Ia 4500
005 20250423100716.0
008 250422s9999 xx 000 0 und d
020 _a9789787977972
050 _aHJ 86 .A39/
100 _aAiyedogbon, John Olu-Coris
245 0 _aPublic finance: theory and application
260 _aAbuja
260 _bExodus Publishers
260 _c2023
300 _a218 p
650 _aPublic Finance
942 _cBK
999 _c34122
_d34122